banner-ar

L' HISTOIRE QUE JE PORTE SOR MON DOS / (Record no. 20284)

MARC details
000 -الفاتح
حقل البيانات ثابتة الطول 00418nam a2200157Ia 4500
008 - عناصر البيانات ثابتة الطول - معلومات عامة
حقل البيانات ثابتة الطول 140319s9999 xx 000 0 eng d
040 ## - مصدر الفهرسة
وكالة الفهرسة الأصلية GCL /
وكالة النسخ GCL
082 04 - رقم تصنيف ديوى العشرى
رقم التصنيف 305.31
رقم المادة U H
100 1# - المدخل الرئيسى - إسم شخصى
الإسم الشخصى UWAYS, SAYYID
245 10 - بيان العنوان
العنوان L' HISTOIRE QUE JE PORTE SOR MON DOS /
بيان المسئوليه,etc UWAYS, SAYYID
260 ## - PUBLICATION, DISTRIBUTION, ETC. (IMPRINT)
تاريخ النشر أو التوزيع 1989
300 ## - الوصف المادى
التعداد 325 P ؛
أبعاد الوعاء 19 cm.
650 04 - المدخل الاضافى بالموضوع-مصطلح موضوعى
مصطلح موضوعي SOCIAL LIFE
942 ## - عناصر المدخل الإضافي( كوها)
مصدر التصنيف او مخطط الترفيف Dewey Decimal Classification
Koha [default] item type كتاب
260 ## - PUBLICATION, DISTRIBUTION, ETC. (IMPRINT)
-- القاهرة :
-- CEDEJ ،
Holdings
حالة التراجع حالة الفقد حالة تلف ليس للاعارة المكان المؤقت الموقع الحالى تاريخ الاكتساب اجمالي اﻻعارات رقم الطلب الباركود تاريخ اخر مشاهدة تاريخ تفعيل السعر نوع وعاء كوها
        مكتبة القاهرة الكبرى مكتبة القاهرة الكبرى 03/26/2014   305.31\U H 38128 03/26/2014 03/26/2014 كتاب
        مكتبة القاهرة الكبرى مكتبة القاهرة الكبرى 03/26/2014   305.31\U H 38129 03/26/2014 03/26/2014 كتاب

Powered By

EGPV